[Event "Louviers op 9th"]
[Site "Louviers "]
[Date "2006.05.06"]
[Round "6"]
[White "Arinal, Serge"]
[Black "Delacroix, Vincent"]
[Result "1-0"]
[WhiteElo "1590"]
[BlackElo "1499"]
[PlyCount "73"]
[EventDate "2006.03.06"]
[EventType "swiss"]
[EventRounds "7"]
[EventCountry "FRA"]
[SourceTitle "EXT 2008"]
[Source "ChessBase"]
[SourceDate "2007.11.25"]
[SourceVersion "1"]
[SourceVersionDate "2007.11.25"]
[SourceQuality "1"]

1. Nf3 e6 2. c4 d5 3. cxd5 Qxd5 4. Nc3 Qd8 5. d4 Bd7 6. Bf4 a6 7. Ne5 b5 8. Nxd7 Qxd7 9. g3 Nc6 10. Bg2 0-0-0 11. e3 Nb4 12. 0-0 f5 13. Qf3 c6 14. a3 Nd5 15. Nxd5 exd5 16. Be5 h5 17. Bh3 Ne7 18. Rac1 Rh6 19. Rc3 g5 20. Qd1 g4 21. Bg2 Kb7 22. Qb3 a5 23. Bf4 Rg6 24. Rfc1 Rc8 25. Bf1 a4 26. Qd1 Ra8 27. R1c2 Nc8 28. Qc1 Na7 29. b3 c5 30. dxc5 Nc6 31. Bxb5 d4 32. Rd3 Qd5 33. bxa4 Na5 34. Rxd4 Qe6 35. c6+ Kb6 36. Qb2 Nb3 37. Bc4 1-0

[Event "Louviers op 9th"]
[Site "Louviers "]
[Date "2006.04.06"]
[Round "5"]
[White "Billard, Sebastien"]
[Black "Delacroix, Vincent"]
[Result "1-0"]
[WhiteElo "1570"]
[BlackElo "1499"]
[PlyCount "81"]
[EventDate "2006.03.06"]
[EventType "swiss"]
[EventRounds "7"]
[EventCountry "FRA"]
[SourceTitle "EXT 2008"]
[Source "ChessBase"]
[SourceDate "2007.11.25"]
[SourceVersion "1"]
[SourceVersionDate "2007.11.25"]
[SourceQuality "1"]

1. e4 e5 2. Nf3 Nc6 3. Bc4 h6 4. a3 Bc5 5. 0-0 Nf6 6. Nc3 d6 7. h3 Qe7 8. Re1 Be6 9. Bxe6 Qxe6 10. Na4 0-0-0 11. b4 Bb6 12. Nxb6+ cxb6 13. d4 Qc4 14. d5 Ne7 15. Nd2 Qc3 16. Ra2 g5 17. Re3 Qc7 18. Bb2 Kb8 19. Rc3 Qd7 20. Qf3 Neg8 21. Nc4 g4 22. hxg4 Nxg4 23. Ne3 N8f6 24. Nf5 h5 25. Nh4 Rc8 26. Rxc8+ Qxc8 27. Ba1 Qc4 28. Rb2 Nxe4 29. c3 Qxd5 30. Qe2 Nxc3 31. Qe1 Rc8 32. Rd2 Qb5 33. Bxc3 Rxc3 34. Rxd6 Rc2 35. f3 Re2 36. Qc3 a6 37. fxg4 hxg4 38. Qg3 Qc4 39. Rf6 Qd4+ 40. Kh2 Re3 41. Nf3 1-0

[Event "Louviers op 9th"]
[Site "Louviers "]
[Date "2006.04.06"]
[Round "3"]
[White "Drouineau, Olivier"]
[Black "Delacroix, Vincent"]
[Result "1-0"]
[WhiteElo "1640"]
[BlackElo "1499"]
[PlyCount "67"]
[EventDate "2006.03.06"]
[EventType "swiss"]
[EventRounds "7"]
[EventCountry "FRA"]
[SourceTitle "EXT 2008"]
[Source "ChessBase"]
[SourceDate "2007.11.25"]
[SourceVersion "1"]
[SourceVersionDate "2007.11.25"]
[SourceQuality "1"]

1. d4 d6 2. c4 Nf6 3. Nc3 g6 4. e3 Bg7 5. Nf3 Nbd7 6. Be2 0-0 7. 0-0 b6 8. b3 Bb7 9. Qc2 e6 10. Bb2 d5 11. cxd5 exd5 12. Rac1 c6 13. b4 b5 14. Rfd1 Qc7 15. Nxb5 Qb8 16. Nc3 Qd6 17. a3 Rfe8 18. Na4 Rac8 19. Nc5 Nxc5 20. Qxc5 Qb8 21. Qc2 Re4 22. Bd3 Rg4 23. h3 Rxg2+ 24. Kxg2 Re8 25. Qb3 g5 26. Nxg5 Bh6 27. Nf3 Bxe3 28. fxe3 Nh5 29. Rg1 Kh8 30. Kf2 Qd8 31. Bxh7 Kxh7 32. Qd3+ Re4 33. Ng5+ Kh8 34. Nxf7+ 1-0

[Event "Louviers op 9th"]
[Site "Louviers "]
[Date "2006.03.06"]
[Round "1"]
[White "Delacroix, Vincent"]
[Black "Gobbetto, Jean Claude"]
[Result "0-1"]
[WhiteElo "1499"]
[BlackElo "1838"]
[PlyCount "58"]
[EventDate "2006.03.06"]
[EventType "swiss"]
[EventRounds "7"]
[EventCountry "FRA"]
[SourceTitle "EXT 2008"]
[Source "ChessBase"]
[SourceDate "2007.11.25"]
[SourceVersion "1"]
[SourceVersionDate "2007.11.25"]
[SourceQuality "1"]

1. e4 d5 2. Nc3 dxe4 3. Nge2 Nf6 4. Nb5 Bg4 5. h3 Bd7 6. Nec3 e5 7. d4 exd3 8. Bxd3 Nc6 9. Be4 Nxe4 10. Nxe4 a6 11. Nbc3 Bb4 12. 0-0 0-0 13. Qg4 Bxg4 14. hxg4 Bxc3 15. bxc3 Qd5 16. Ng3 Rfd8 17. Bb2 Na5 18. Nf5 Qc5 19. a4 Nc4 20. Bc1 g6 21. Nh6+ Kg7 22. g5 Rd7 23. Ng4 Rad8 24. Be3 Nxe3 25. Nxe3 Qxc3 26. Ng4 Qxc2 27. Rac1 Qxa4 28. Nxe5 Rd1 29. Rxc7 Rxf1+ 0-1